| 000 | 00344 a2200145 4500 | ||
|---|---|---|---|
| 003 | Nust | ||
| 005 | 20170207153600.0 | ||
| 040 | _cNust | ||
| 082 | _a621.3827 | ||
| 100 | _aKatiyar, Sapna | ||
| 245 |
_aOptical fiber communication _cSapna Katiyar, |
||
| 260 |
_aS.K.Kataria & Sons _bNew Delhi _c2009 |
||
| 300 | _a484 p | ||
| 650 | _aFiber Communication | ||
| 942 |
_2ddc _cBK |
||
| 999 |
_c189291 _d189291 |
||